| 000 | 01288nam a2200265Ia 4500 | ||
|---|---|---|---|
| 999 |
_c52998 _d52998 |
||
| 001 | 20029 | ||
| 003 | GE_BSU | ||
| 005 | 20250414174943.0 | ||
| 008 | 181216s2012||||ge |||||||||||||| ||geo|| | ||
| 020 | _a9789941162923 | ||
| 040 | _cGE_BSU | ||
| 041 | _ageo | ||
| 080 | _a821.353.1.09 ნ–63 | ||
| 100 |
_aნიკოლეიშვილი, ავთანდილ _9296 |
||
| 245 |
_aქართული ლიტერატურა 3, მეოცე საუკუნე ნ.1 / _cავთანდილ ნიკოლეიშვილი ; რედ. : ბეგო ბეჟუაშვილი. |
||
| 264 |
_aთბილისი : _bსაქართველოს მაცნე, _c2013. |
||
| 300 |
_a536 გვ. ; _c25 სმ. |
||
| 541 | _h20 ლ. | ||
| 653 | _aქართველი მწერლების შემოქმედება | ||
| 653 | _aქართული ლიტერატურა 3 | ||
| 653 | _aმეოცე საუკუნე ნ.1 | ||
| 653 | _aლიტერატურის ისტორია და კრიტიკა - ქართული ლიტერატურა | ||
| 700 |
_aბეჟუაშვილი, ბეგო _eრედაქტორი _919787 |
||
| 942 |
_cBK _2udc |
||